000 00888am a2200301a 44500
003 AR-BaBNM
005 20251128211210.0
008 083020s1997 #AR|||||||||||000 | spa||
020 _a950-39-0090-5
040 _cAR-BaBNM
100 1 _aSkliar, Carlos
245 1 0 _aLa educación de los sordos
_buna reconstrucción histórica, cognitiva y pedagógica
250 _a1ª ed.
260 _aMendoza
_bEDIUNC
_c1997
300 _a187 p.
490 0 _aManuales
_vv. 17
500 _aEDIUNC: Editorial de la Universidad Nacional de Cuyo
504 _aContiene referencias bibliográficas p. 177-183
650 4 _aEDUCACION ESPECIAL
650 4 _aPROCESO COGNOSCITIVO
650 4 _aDESARROLLO DEL LENGUAJE
650 4 _aINTEGRACION ESCOLAR
650 4 _aSORDOS
653 _aDISCAPACITADOS AUDITIVOS
653 _aPLANEAMIENTO EDUCATIVO
942 _cBK
998 _craquel
999 _c18677
_d18677